[Event "Wch Seniors 65 26th"]
[Site "Marianske Lazne"]
[Date "2016.11.27"]
[Round "8"]
[White "Furman, Boris"]
[Black "Altshul, Raffael"]
[Result "1/2-1/2"]
[WhiteElo "2207"]
[BlackElo "2037"]
[PlyCount "90"]
[EventDate "2016.11.19"]
[EventType "swiss"]
[EventRounds "11"]
[EventCountry "CZE"]
[SourceTitle "CBM 175 Extra"]
[Source "ChessBase"]
[SourceDate "2016.12.12"]
[SourceVersion "1"]
[SourceVersionDate "2016.12.12"]
[SourceQuality "1"]

1. d4 g6 2. c4 d6 3. Nc3 Bg7 4. Nf3 Nd7 5. Bg5 h6 6. Bd2 e5 7. dxe5 dxe5 8. Qc2 Ngf6 9. g3 0-0 10. Bg2 Re8 11. 0-0 c6 12. b4 Nb6 13. c5 Nbd5 14. Nxd5 cxd5 15. Rac1 Bd7 16. Rfd1 Qc7 17. e3 Rad8 18. Bc3 a6 19. Qb3 Bb5 20. Bf1 Bxf1 21. Kxf1 e4 22. Ng1 Qd7 23. Rd2 Qf5 24. h3 Rd7 25. a4 Red8 26. Rcd1 Qe6 27. Kg2 Ne8 28. Bxg7 Kxg7 29. Ne2 Nc7 30. b5 axb5 31. axb5 Qf6 32. b6 Ne6 33. Qc2 Qf3+ 34. Kf1 Kh7 35. h4 d4 36. Nxd4 Qh1+ 37. Ke2 Nxd4+ 38. Rxd4 Qf3+ 39. Ke1 Qh1+ 40. Kd2 Rxd4+ 41. exd4 Qf3 42. Kc1 Ra8 43. Kb1 Ra5 44. Rc1 Rb5+ 45. Ka2 Ra5+ 1/2-1/2

[Event "Chigorin Memorial 24th"]
[Site "St Petersburg"]
[Date "2016.10.19"]
[Round "5"]
[White "Puraev, Artemiy"]
[Black "Altshul, Raffael"]
[Result "1-0"]
[WhiteElo "2204"]
[BlackElo "2044"]
[PlyCount "69"]
[EventDate "2016.10.15"]
[EventType "swiss"]
[EventRounds "9"]
[EventCountry "RUS"]
[SourceTitle "CBM 175 Extra"]
[Source "ChessBase"]
[SourceDate "2016.12.12"]
[SourceVersion "1"]
[SourceVersionDate "2016.12.12"]
[SourceQuality "1"]

1. d4 Nf6 2. Nf3 g6 3. Nbd2 c5 4. dxc5 Qa5 5. c3 Qxc5 6. e4 d6 7. Bd3 Bg7 8. 0-0 0-0 9. Qe2 Nc6 10. h3 Bd7 11. Re1 Ne5 12. Nxe5 Qxe5 13. Nc4 Qc5 14. Be3 Qc7 15. Bf4 b5 16. Ne3 Rab8 17. Rac1 Be6 18. c4 bxc4 19. Bxc4 Bxc4 20. Nxc4 Qb7 21. e5 Nd5 22. Bg3 dxe5 23. Bxe5 Bxe5 24. Qxe5 Rfd8 25. Na5 Qxb2 26. Nc6 Qxe5 27. Rxe5 e6 28. Nxd8 Rxd8 29. Re4 Rd7 30. Ra4 Nb6 31. Ra6 Kf8 32. a4 Nd5 33. Rb1 Ke7 34. Rc6 a5 35. Rc5 1-0

[Event "Chigorin Memorial 24th"]
[Site "St Petersburg"]
[Date "2016.10.17"]
[Round "3"]
[White "Danielyan, Vahe"]
[Black "Altshul, Raffael"]
[Result "1-0"]
[WhiteElo "2270"]
[BlackElo "2044"]
[PlyCount "93"]
[EventDate "2016.10.15"]
[EventType "swiss"]
[EventRounds "9"]
[EventCountry "RUS"]
[SourceTitle "CBM 175 Extra"]
[Source "ChessBase"]
[SourceDate "2016.12.12"]
[SourceVersion "1"]
[SourceVersionDate "2016.12.12"]
[SourceQuality "1"]

1. e4 c5 2. Nc3 Nc6 3. Bb5 Nd4 4. Bc4 e6 5. Nf3 Nf6 6. 0-0 a6 7. Re1 d6 8. d3 b5 9. Bb3 Nxb3 10. axb3 Bb7 11. Ne2 Be7 12. Ng3 0-0 13. Bd2 Rc8 14. b4 c4 15. Bc3 cxd3 16. cxd3 Nd7 17. Qd2 Bf6 18. d4 g6 19. e5 Bg7 20. exd6 Nb6 21. d5 Bxc3 22. bxc3 Nxd5 23. Ne4 Nf6 24. Nxf6+ Qxf6 25. Ne5 Qd8 26. Rad1 Bd5 27. d7 Rc7 28. Qh6 Qe7 29. Rxd5 exd5 30. Re3 Rxd7 31. Nxg6 hxg6 32. Rxe7 Rxe7 33. h4 Re5 34. Qd2 Rc8 35. g3 Rc4 36. f4 Re6 37. h5 Rd6 38. hxg6 Rxg6 39. Kf2 Rgc6 40. f5 Kf8 41. Qxd5 Rxc3 42. Qd8+ Kg7 43. Qg5+ Kf8 44. f6 Rc2+ 45. Ke3 Re6+ 46. Kd3 Rf2 47. Qc5+ 1-0

[Event "Chigorin Memorial 24th"]
[Site "St Petersburg"]
[Date "2016.10.16"]
[Round "2"]
[White "Altshul, Raffael"]
[Black "Pavlov, Mikhail"]
[Result "1-0"]
[WhiteElo "2044"]
[BlackElo "1645"]
[PlyCount "99"]
[EventDate "2016.10.15"]
[EventType "swiss"]
[EventRounds "9"]
[EventCountry "RUS"]
[SourceTitle "CBM 175 Extra"]
[Source "ChessBase"]
[SourceDate "2016.12.12"]
[SourceVersion "1"]
[SourceVersionDate "2016.12.12"]
[SourceQuality "1"]

1. d4 d5 2. c4 c6 3. Nf3 Nf6 4. e3 e6 5. Bd3 dxc4 6. Bxc4 b5 7. Bd3 Bb7 8. 0-0 a6 9. Qe2 c5 10. dxc5 Bxc5 11. Bxb5+ Nbd7 12. Ba4 0-0 13. Nc3 Nb6 14. Bc2 Qc7 15. e4 Rfd8 16. Bg5 Rd7 17. Rac1 Ng4 18. Ba4 Bc6 19. Bxc6 Qxc6 20. h3 Nxf2 21. Rxf2 Bxf2+ 22. Qxf2 Qb7 23. Ne5 Rc7 24. Be3 Nc4 25. Nxc4 Rxc4 26. Rd1 f6 27. Rd6 Rc6 28. Rd4 Rb8 29. Rd2 Qb4 30. Qg3 Rb7 31. Rd8+ Kf7 32. Qh4 Ke7 33. Rd2 Rd6 34. Rxd6 Qxd6 35. Qxh7 Rxb2 36. Qxg7+ Ke8 37. Qxf6 Qc6 38. Nd5 Rb7 39. Qg6+ Kd7 40. Qf7+ Kd6 41. Qf8+ Kd7 42. Nf6+ Kc7 43. Bf4+ Kb6 44. Qb4+ Ka7 45. Qd4+ Qb6 46. Be3 Qxd4 47. Bxd4+ Kb8 48. h4 Rb4 49. Be5+ Kc8 50. h5 1-0

[Event "Chigorin Memorial 23rd"]
[Site "St Petersburg"]
[Date "2015.10.07"]
[Round "5"]
[White "Altshul, Raffael"]
[Black "Sakorenko, Adriana"]
[Result "1/2-1/2"]
[WhiteElo "2130"]
[BlackElo "1935"]
[PlyCount "80"]
[EventDate "2015.10.03"]
[EventType "swiss"]
[EventRounds "9"]
[EventCountry "RUS"]
[SourceTitle "CBM 168 Extra"]
[Source "ChessBase"]
[SourceDate "2015.10.29"]
[SourceVersion "1"]
[SourceVersionDate "2015.10.29"]
[SourceQuality "1"]

1. d4 Nf6 2. c4 e6 3. Nf3 b6 4. g3 Bb7 5. Bg2 Be7 6. 0-0 0-0 7. d5 exd5 8. Nh4 c6 9. cxd5 Nxd5 10. Nf5 Bf6 11. e4 Ne7 12. Nd6 Ba6 13. Re1 Be5 14. f4 Bxd6 15. Qxd6 c5 16. b3 Nbc6 17. Qd2 Nb4 18. Ba3 Nec6 19. Nc3 Rc8 20. Rad1 Nd4 21. Bxb4 cxb4 22. Qxd4 bxc3 23. Rc1 Qc7 24. Rc2 Qc5 25. Qxc5 Rxc5 26. Rd1 Rd8 27. e5 Kf8 28. Kf2 Ke7 29. Ke3 d6 30. Rxd6 Rxd6 31. exd6+ Kxd6 32. Kd4 f6 33. Rxc3 Rxc3 34. Kxc3 Bc8 35. b4 Be6 36. a3 Bd5 37. Bf1 h6 38. Kd4 Bb7 39. Bd3 Bc6 40. Bf5 Bb7 1/2-1/2

[Event "Chigorin Memorial 23rd"]
[Site "St Petersburg"]
[Date "2015.10.03"]
[Round "1"]
[White "Altshul, Raffael"]
[Black "Andriasian, Zaven"]
[Result "0-1"]
[WhiteElo "2130"]
[BlackElo "2591"]
[PlyCount "110"]
[EventDate "2015.10.03"]
[EventType "swiss"]
[EventRounds "9"]
[EventCountry "RUS"]
[SourceTitle "CBM 168 Extra"]
[Source "ChessBase"]
[SourceDate "2015.10.29"]
[SourceVersion "1"]
[SourceVersionDate "2015.10.29"]
[SourceQuality "1"]

1. e4 d6 2. d4 g6 3. Nf3 Bg7 4. Be2 Nf6 5. Nc3 0-0 6. 0-0 c6 7. a4 Bg4 8. Ng5 Bxe2 9. Qxe2 e5 10. dxe5 dxe5 11. Nf3 Nh5 12. g3 Na6 13. Be3 Qe7 14. Qc4 Kh8 15. Rfe1 Nf6 16. h3 Nd7 17. a5 f5 18. exf5 gxf5 19. Bg5 Qe8 20. Rad1 e4 21. Rd6 Nc7 22. Bh6 Qe7 23. Bxg7+ Qxg7 24. Qd4 Rf7 25. Qxg7+ Kxg7 26. Red1 Nf8 27. Nh4 Re8 28. Rd8 Re5 29. Ra1 Ng6 30. Nxg6 hxg6 31. Ra4 Ne6 32. Rd6 Ng5 33. h4 Nf3+ 34. Kf1 Rc5 35. Ke2 Ne5 36. Rdd4 Re7 37. Ke3 Kf7 38. Rdb4 Ng4+ 39. Ke2 Rce5 40. Rc4 Rd7 41. Rd4 Rxd4 42. Rxd4 Rxa5 43. Rd7+ Ke6 44. Rxb7 Ra1 45. Nd1 Ne5 46. Rg7 a5 47. b3 c5 48. Ne3 Nf3 49. Ng2 Kf6 50. Rc7 Rg1 51. Rc6+ Kg7 52. Rxc5 Rxg2 53. Ke3 Nh2 54. h5 Ng4+ 55. Kf4 Kh6 0-1

[Event "Chigorin Memorial 22nd"]
[Site "St Petersburg"]
[Date "2014.10.26"]
[Round "9"]
[White "Trapeznikova, Darya"]
[Black "Altshul, Raffael"]
[Result "0-1"]
[WhiteElo "2036"]
[BlackElo "2174"]
[PlyCount "66"]
[EventDate "2014.10.18"]
[EventType "swiss"]
[EventRounds "9"]
[EventCountry "RUS"]
[SourceTitle "EXT 2015"]
[Source "ChessBase"]
[SourceDate "2014.11.20"]
[SourceVersion "1"]
[SourceVersionDate "2014.11.20"]
[SourceQuality "1"]

1. Nf3 Nf6 2. c4 e6 3. d4 a6 4. Nc3 d5 5. g3 dxc4 6. Ne5 b5 7. Bg2 Ra7 8. e4 Bb7 9. Be3 Ra8 10. 0-0 Nbd7 11. f4 Bb4 12. Qc2 Nxe5 13. fxe5 Ng4 14. Qe2 Nxe3 15. Qxe3 0-0 16. Rad1 Qe7 17. Rf4 Rad8 18. Rg4 Kh8 19. Ne2 Rfe8 20. Nf4 c5 21. d5 exd5 22. Nxd5 Qxe5 23. Qf2 Bxd5 24. exd5 Qe2 25. Bf3 Qxf2+ 26. Kxf2 c3 27. bxc3 Bxc3 28. Kg2 f5 29. Rf4 g6 30. d6 Be5 31. Bc6 Re6 32. Rf3 Rdxd6 33. Rxd6 Rxd6 0-1

[Event "Wch Seniors 23rd"]
[Site "Opatija"]
[Date "2013.11.13"]
[Round "2"]
[White "Thormann, Wolfgang"]
[Black "Altshul, Raffael"]
[Result "1/2-1/2"]
[WhiteElo "2271"]
[BlackElo "2150"]
[PlyCount "32"]
[EventDate "2013.11.12"]
[EventType "swiss"]
[EventRounds "11"]
[EventCountry "CRO"]
[SourceTitle "CBM 157 Extra"]
[Source "ChessBase"]
[SourceDate "2013.12.19"]
[SourceVersion "1"]
[SourceVersionDate "2013.12.19"]
[SourceQuality "1"]

1. Nf3 Nf6 2. d4 e6 3. e3 b6 4. Bd3 c5 5. 0-0 Be7 6. b3 0-0 7. Bb2 Bb7 8. Nbd2 d6 9. Qe2 Nbd7 10. Ba6 Qc7 11. Bxb7 Qxb7 12. c4 Rfe8 13. h3 a6 14. e4 cxd4 15. Nxd4 Nc5 16. Rfe1 Bf8 1/2-1/2

[Event "St Petersburg Spring op"]
[Site "St Petersburg"]
[Date "2012.03.26"]
[Round "5"]
[White "Altshul, Raffael"]
[Black "Chigaev, Maksim"]
[Result "0-1"]
[WhiteElo "2183"]
[BlackElo "2396"]
[PlyCount "106"]
[EventDate "2012.03.22"]
[EventType "swiss"]
[EventRounds "9"]
[EventCountry "RUS"]
[SourceTitle "EXT 2013"]
[Source "ChessBase"]
[SourceDate "2012.11.22"]
[SourceVersion "1"]
[SourceVersionDate "2012.11.22"]
[SourceQuality "1"]

1. Nf3 Nf6 2. g3 g6 3. b3 Bg7 4. Bb2 0-0 5. Bg2 d6 6. d4 c5 7. c4 Qa5+ 8. Qd2 Qc7 9. Nc3 Nbd7 10. 0-0 b6 11. d5 Bb7 12. e4 a6 13. Rfe1 Rad8 14. Rad1 Rfe8 15. h3 Nf8 16. Qc2 N6d7 17. Ne2 Bxb2 18. Qxb2 e5 19. dxe6 Nxe6 20. Nc3 Ne5 21. Nh2 Nd4 22. f4 Nd7 23. Nf3 Nxf3+ 24. Bxf3 Nf8 25. Nd5 Bxd5 26. exd5 b5 27. Qc3 bxc4 28. bxc4 Qd7 29. Bg2 Qa4 30. Bf1 a5 31. Rb1 Rxe1 32. Rxe1 Qb4 33. Qc1 Rb8 34. Re3 a4 35. Be2 Qb2 36. Qxb2 Rxb2 37. a3 Nd7 38. Re8+ Kg7 39. Rd8 Nf6 40. Bf3 Rb3 41. Kg2 Rxa3 42. Rxd6 Rc3 43. g4 Rxc4 44. g5 Ne4 45. Bxe4 Rxe4 46. Rc6 a3 47. Ra6 Rxf4 48. Rxa3 Rf5 49. Rd3 Rxg5+ 50. Kf3 Re5 51. d6 Re8 52. d7 Rd8 53. Ke4 Kf6 0-1

[Event "Wch Seniors 21st"]
[Site "Rijeka"]
[Date "2011.11.24"]
[Round "9"]
[White "Altshul, Raffael"]
[Black "Lederman, Leon S"]
[Result "0-1"]
[WhiteElo "2222"]
[BlackElo "2267"]
[PlyCount "68"]
[EventDate "2011.11.15"]
[EventType "swiss"]
[EventRounds "11"]
[EventCountry "CRO"]
[SourceTitle "CBM 145 Extra"]
[Source "ChessBase"]
[SourceDate "2012.01.03"]
[SourceVersion "1"]
[SourceVersionDate "2012.01.03"]
[SourceQuality "1"]

1. Nf3 d5 2. e3 Nf6 3. c4 c6 4. b3 Bf5 5. Bb2 e6 6. Nc3 h6 7. Be2 Nbd7 8. 0-0 Be7 9. d4 0-0 10. h3 Ne4 11. Nxe4 Bxe4 12. Bd3 Bxd3 13. Qxd3 f5 14. Rfd1 Qe8 15. Rac1 g5 16. Ne5 Nxe5 17. dxe5 Qf7 18. Rc2 Rad8 19. Qe2 Qg6 20. Rcd2 Bb4 21. Rd3 Rf7 22. a3 Bf8 23. b4 h5 24. b5 g4 25. h4 g3 26. cxd5 cxd5 27. Bd4 b6 28. fxg3 Qxg3 29. Qxh5 Rg7 30. R3d2 Rg4 31. Rc2 Rc8 32. Rcd2 Bg7 33. a4 Bxe5 34. Bxe5 Qxe3+ 0-1

[Event "Wch Seniors 21st"]
[Site "Rijeka"]
[Date "2011.11.17"]
[Round "3"]
[White "Altshul, Raffael"]
[Black "Danner, Georg"]
[Result "1/2-1/2"]
[WhiteElo "2222"]
[BlackElo "2406"]
[PlyCount "25"]
[EventDate "2011.11.15"]
[EventType "swiss"]
[EventRounds "11"]
[EventCountry "CRO"]
[SourceTitle "CBM 145 Extra"]
[Source "ChessBase"]
[SourceDate "2012.01.03"]
[SourceVersion "1"]
[SourceVersionDate "2012.01.03"]
[SourceQuality "1"]

1. d4 Nf6 2. Nf3 e6 3. Bg5 c5 4. e3 h6 5. Bxf6 Qxf6 6. Nbd2 cxd4 7. exd4 b6 8. Bd3 Ba6 9. Ne4 Qd8 10. d5 Qc8 11. 0-0 Be7 12. Bxa6 Nxa6 13. dxe6 1/2-1/2

[Event "Wch Seniors 21st"]
[Site "Rijeka"]
[Date "2011.11.16"]
[Round "2"]
[White "Fradkin, Boris"]
[Black "Altshul, Raffael"]
[Result "1/2-1/2"]
[WhiteElo "2445"]
[BlackElo "2222"]
[PlyCount "76"]
[EventDate "2011.11.15"]
[EventType "swiss"]
[EventRounds "11"]
[EventCountry "CRO"]
[SourceTitle "CBM 145 Extra"]
[Source "ChessBase"]
[SourceDate "2012.01.03"]
[SourceVersion "1"]
[SourceVersionDate "2012.01.03"]
[SourceQuality "1"]

1. d4 Nf6 2. c4 e6 3. Nf3 d5 4. g3 Bb4+ 5. Bd2 Bd6 6. Nc3 0-0 7. Bg2 c6 8. Qc2 Nbd7 9. e4 Nxe4 10. Nxe4 dxe4 11. Qxe4 e5 12. 0-0 Nf6 13. Qh4 exd4 14. Qxd4 Be7 15. Bc3 Qxd4 16. Nxd4 Bd7 17. Rfe1 Rfe8 18. b4 Rad8 19. b5 c5 20. Nc2 Bc8 21. Ne3 Kf8 22. a4 Ng8 23. a5 Bf6 24. Bxf6 Nxf6 25. a6 bxa6 26. bxa6 Rd6 27. Bb7 Rb6 28. Reb1 Rxb1+ 29. Rxb1 Bd7 30. Bf3 Bc8 31. Rb5 Bxa6 32. Rxc5 Rc8 33. Ra5 Bxc4 34. Rxa7 Be6 35. Kg2 g6 36. h3 h5 37. g4 hxg4 38. hxg4 Rc5 1/2-1/2

[Event "RUS-ch Seniors"]
[Site "Odintsovo"]
[Date "2011.04.25"]
[Round "7"]
[White "Martynov, Vladimir"]
[Black "Altshul, Raffael"]
[Result "0-1"]
[WhiteElo "2154"]
[BlackElo "2329"]
[PlyCount "86"]
[EventDate "2011.04.19"]
[EventType "swiss"]
[EventRounds "9"]
[EventCountry "RUS"]
[SourceTitle "CBM 142 Extra"]
[Source "ChessBase"]
[SourceDate "2011.06.27"]
[SourceVersion "1"]
[SourceVersionDate "2011.06.27"]
[SourceQuality "1"]

1. e4 Nf6 2. e5 Nd5 3. Nc3 Nxc3 4. dxc3 d6 5. Nf3 Nc6 6. exd6 cxd6 7. Bc4 Bf5 8. g4 Bd7 9. h3 e6 10. Qe2 Be7 11. b4 Rc8 12. Bd2 Qc7 13. Bb3 a6 14. a3 0-0 15. g5 d5 16. h4 Bd6 17. h5 Ne5 18. h6 g6 19. Nd4 Nc4 20. Bxc4 Qxc4 21. Qxc4 Rxc4 22. f4 f6 23. gxf6 Rxf6 24. 0-0 Bf8 25. Nf3 Ba4 26. Ne5 Re4 27. Rae1 Rf5 28. Ng4 Bxc2 29. Ne3 Bd3 30. Nxf5 Bxf1 31. Rxe4 dxe4 32. Ne3 Bh3 33. a4 Bxh6 34. Nc4 Kf8 35. a5 Ke7 36. Kf2 Bg7 37. Be1 Bf5 38. Ke3 Bf6 39. Na3 h5 40. c4 h4 41. c5 h3 42. Bg3 Bc3 43. Nc2 Kd7 0-1

[Event "RUS-ch Seniors"]
[Site "Odintsovo"]
[Date "2011.04.20"]
[Round "2"]
[White "Altshul, Raffael"]
[Black "Yakovlev, Yuri S"]
[Result "1/2-1/2"]
[WhiteElo "2329"]
[BlackElo "2014"]
[PlyCount "75"]
[EventDate "2011.04.19"]
[EventType "swiss"]
[EventRounds "9"]
[EventCountry "RUS"]
[SourceTitle "CBM 142 Extra"]
[Source "ChessBase"]
[SourceDate "2011.06.27"]
[SourceVersion "1"]
[SourceVersionDate "2011.06.27"]
[SourceQuality "1"]

1. d4 d5 2. Nf3 Nf6 3. a3 e6 4. c4 dxc4 5. e3 c5 6. Bxc4 cxd4 7. exd4 Nc6 8. 0-0 Be7 9. Nc3 0-0 10. Bg5 a6 11. Ba2 b5 12. Rc1 Bb7 13. Re1 Nd5 14. Bxe7 Ncxe7 15. Ne4 Nf4 16. g3 Nfg6 17. h4 Bd5 18. Bb1 Nf5 19. h5 Nge7 20. Ne5 Nh6 21. Qd3 f5 22. Nc3 Bb7 23. Nf3 Nd5 24. Ba2 Rf6 25. Nxd5 Bxd5 26. Bxd5 Qxd5 27. Rc5 Qd7 28. Ne5 Qe8 29. Qf3 Rd8 30. Nc6 Rd6 31. d5 Nf7 32. dxe6 Rfxe6 33. Rxe6 Qxe6 34. Nb4 Qe1+ 35. Kg2 Rd1 36. Rc8+ Nd8 37. Rxd8+ Rxd8 38. Qxf5 1/2-1/2

[Event "Wch Seniors 19th"]
[Site "Condino"]
[Date "2009.11.06"]
[Round "10"]
[White "Altshul, Raffael"]
[Black "Gutkin, Boris"]
[Result "1/2-1/2"]
[WhiteElo "2343"]
[BlackElo "2255"]
[PlyCount "68"]
[EventDate "2009.10.27"]
[EventType "swiss"]
[EventRounds "11"]
[EventCountry "ITA"]
[SourceTitle "EXT 2010"]
[Source "ChessBase"]
[SourceDate "2010.11.25"]
[SourceVersion "1"]
[SourceVersionDate "2010.11.25"]
[SourceQuality "1"]

1. Nf3 Nf6 2. g3 g6 3. b3 Bg7 4. Bb2 0-0 5. Bg2 d6 6. d4 e5 7. dxe5 Ng4 8. Nc3 Nxe5 9. Nxe5 Bxe5 10. Qd2 c6 11. 0-0 d5 12. Na4 Nd7 13. Rad1 Qe7 14. Rfe1 Bxb2 15. Nxb2 Nc5 16. c4 dxc4 17. Nxc4 Be6 18. Qc3 Bxc4 19. Qxc4 Rfd8 20. Bf3 a5 21. Qc3 Rd7 22. h4 h5 23. Kg2 a4 24. b4 Rxd1 25. Rxd1 Ne6 26. a3 Nc7 27. Rd3 Nb5 28. Qd2 Qf6 29. Qd1 Qb2 30. Rd7 Rb8 31. Rd3 Ra8 32. Rd7 Rb8 33. Rd3 Ra8 34. Rd7 Rb8 1/2-1/2

[Event "Wch Seniors 19th"]
[Site "Condino"]
[Date "2009.11.04"]
[Round "8"]
[White "Altshul, Raffael"]
[Black "Vogel, Jaap"]
[Result "1-0"]
[WhiteElo "2343"]
[BlackElo "2213"]
[PlyCount "45"]
[EventDate "2009.10.27"]
[EventType "swiss"]
[EventRounds "11"]
[EventCountry "ITA"]
[SourceTitle "EXT 2010"]
[Source "ChessBase"]
[SourceDate "2010.11.25"]
[SourceVersion "1"]
[SourceVersionDate "2010.11.25"]
[SourceQuality "1"]

1. d4 d5 2. c4 c6 3. Nf3 Nf6 4. Qc2 e6 5. g3 Bd6 6. Bg2 0-0 7. 0-0 Nbd7 8. Rd1 Ne4 9. Nc3 f5 10. cxd5 exd5 11. Ne1 Nxc3 12. bxc3 f4 13. Nd3 fxg3 14. hxg3 Nb6 15. e4 dxe4 16. Bxe4 Qf6 17. c4 Bg4 18. Re1 Qxd4 19. c5 Bxg3 20. cxb6 Rxf2 21. Nxf2 Qxa1 22. Qb3+ Kh8 23. Qxg3 1-0

[Event "Wch Seniors 19th"]
[Site "Condino"]
[Date "2009.11.02"]
[Round "6"]
[White "Altshul, Raffael"]
[Black "Karl, Hans"]
[Result "0-1"]
[WhiteElo "2343"]
[BlackElo "2229"]
[PlyCount "52"]
[EventDate "2009.10.27"]
[EventType "swiss"]
[EventRounds "11"]
[EventCountry "ITA"]
[SourceTitle "EXT 2010"]
[Source "ChessBase"]
[SourceDate "2010.11.25"]
[SourceVersion "1"]
[SourceVersionDate "2010.11.25"]
[SourceQuality "1"]

1. Nf3 Nf6 2. d4 d5 3. a3 c6 4. Bf4 Bf5 5. e3 e6 6. c4 Bd6 7. Bg3 h6 8. Nc3 0-0 9. Bd3 Ne4 10. Qc2 Nxg3 11. hxg3 Bxd3 12. Qxd3 Nd7 13. cxd5 cxd5 14. g4 Be7 15. g3 Rc8 16. Kf1 Nb6 17. Kg2 f5 18. gxf5 Rxf5 19. g4 Rf6 20. b3 Qe8 21. Ne2 Bd6 22. a4 Qf7 23. Rh3 Rf8 24. e4 dxe4 25. Qxe4 Nd5 26. Re1 Rf4 0-1